| 000 | 01024nam a2200205Ia 4500 | ||
|---|---|---|---|
| 999 |
_c37776 _d37776 |
||
| 001 | 3753 | ||
| 003 | GE_BSU | ||
| 005 | 20190812152603.0 | ||
| 008 | 181216s2002||||ge |||||||||||||| ||geo|| | ||
| 040 | _cGE_BSU | ||
| 041 | _ageo | ||
| 080 | _a94(081) კ–83 | ||
| 245 |
_aკრებული. III / _cბათუმის შოთა რუსთაველის სახ.საწელმწიფო უნ–ტი მემედ აბაშიძის სახ სამეცნ–კვლევითი ცენტრი. |
||
| 264 |
_aბათუმი : _bბათუმის უნ–ტი, _c2002. |
||
| 300 |
_a232 გვ. ; _b21 სმ. |
||
| 653 | _aკრებული | ||
| 653 | _aისტორია | ||
| 710 |
_aბათუმის შოთა რუსთაველის სახ.საწელმწიფო უნ–ტი _bმემედ აბაშიძის სახ სამეცნ–კვლევითი ცენტრი _93515 |
||
| 942 |
_cBK _2udc |
||